Citations d'oeuvres littéraires + Auteurs # 2 - Statistiques

Statistiques générales
  • Ce quiz a été pris 724 fois
  • Le résultat moyen est 9 sur 20
Statistiques - réponses
Question Réponse % Correct
Jean de la Fontaine
91%
Mon bon Monsieur, Apprenez que tout flatteur Vit aux dépens de celui qui l’écoute Le corbeau et le renard
86%
Simone de Beauvoir
79%
Charles Baudelaire
62%
« On ne naît pas femme : on le devient » Le deuxième sexe
59%
Le Poète est semblable au prince des nuées Qui hante la tempête et se rit de l’archer ; Exilé sur le sol au milieu des huées, Ses ailes de géant l’empêchent de marcher L'albatros ( Les fleurs du mal)
57%
Marcel Proust
52%
Molière
51%
Longtemps, je me suis couché de bonne heure. Du côté de chez Swann
40%
Gustave Flaubert
40%
Le nouveau, prenant alors une résolution extrême, ouvrit une bouche démesurée et lança à pleins poumons, comme pour appeler quelqu'un, ce mot : Charbovari. Madame Bovary
37%
Le petit chat est mort L'école des femmes
28%
Tout enfant qu'il était, la faim l'avait exaspéré, et l'excès de la misère l'avait renduinsouciant; il quitta sa place, et, s'avançant l'écuelle et la cuiller à la main, il dit, tout effrayé de sa témérité: «J'en voudrais encore, monsieur, s'il vous plaît.» Oliver Twist
28%
Charles Dickens
27%
« Ne confondons pas. Est-ce que ça vous chatouille, ou est-ce que ça vous grattouille ? » Knock ou le Triomphe de la médecine
26%
Guy de Maupassant
25%
Tu n'as pas d'habit ? Bigre ! En voilà, une chose indispensable pourtant ! A Paris, vois-tu, il vaudrait mieux n'avoir pas de lit que pas d'habit. Bel-Ami
22%
Daphné du Maurier
13%
Jules Romains
13%
J’ai rêvé l’autre nuit que je retournais à Manderley. J’étais debout près de la grille devant la grande allée, mais l’entrée m’était interdite, la grille fermée par une chaîne et un cadenas. Rebecca
13%
Aucun quiz correspondant
Distribution des résultats
% des personnes avec chaque résultat
Percentile par nombre de réponses
Votre historique - résultats
Vous n’avez pas pris ce quiz